Opening doors for troubled people/ (Record no. 1282)

MARC details
000 -LEADER
fixed length control field 00554nam a2200193 a 4500
005 - DATE AND TIME OF LATEST TRANSACTION
control field 20260322212054.0
008 - FIXED-LENGTH DATA ELEMENTS--GENERAL INFORMATION
fixed length control field data
010 ## - LIBRARY OF CONGRESS CONTROL NUMBER
LC control number 62-20591 rev
096 ## - LOCALLY ASSIGNED NLM-TYPE CALL NUMBER (OCLC)
Classification number WM 35 Sh22o 1963
001 - CONTROL NUMBER
control field data
100 1# - MAIN ENTRY--PERSONAL NAME
Personal name Shapiro, David Sidney,
Dates associated with a name 1923-
245 10 - TITLE STATEMENT
Title Opening doors for troubled people/
Statement of responsibility, etc. David Sidney Shapiro & Leonard T. Maholick.
260 ## - PUBLICATION, DISTRIBUTION, ETC.
Place of publication, distribution, etc. Springfield, Ill
Name of publisher, distributor, etc. Thomas
Date of publication, distribution, etc. p1963
300 ## - PHYSICAL DESCRIPTION
Extent 121 p.
650 #4 - SUBJECT ADDED ENTRY--TOPICAL TERM
Topical term or geographic name entry element Columbus, Ga. Bradley Center.
650 02 - SUBJECT ADDED ENTRY--TOPICAL TERM
Topical term or geographic name entry element Mental Health Services
650 02 - SUBJECT ADDED ENTRY--TOPICAL TERM
Topical term or geographic name entry element Social Work, Psychiatric
700 1# - ADDED ENTRY--PERSONAL NAME
Personal name Maholick, Leonard T.
Holdings
Withdrawn status Lost status Damaged status Not for loan Home library Current library Shelving location Date acquired Total checkouts Full call number Barcode Date last seen Price effective from Koha item type
        Franklin Franklin General stacks 22/03/2026   GEN BC0011325 22/03/2026 22/03/2026 Books